| 000 | 00555cam a2200193 a 4500 | ||
|---|---|---|---|
| 020 | _a0321227638 | ||
| 050 | 0 | 0 |
_aQA154.3 _b.L54 2005 |
| 100 | 1 | _aLial, Margaret L. | |
| 245 | 1 | 0 |
_aCollege algebra and trigonometry / _cMargaret L. Lial, John Hornsby, David I. Schneider. |
| 250 | _a3rd ed. | ||
| 260 |
_aBoston : _bPearson/Addison Wesley, _cc2005. |
||
| 300 | _a1 v. (various pagings) : | ||
| 500 | _aIncludes indexes. | ||
| 650 | 0 | _xAlgebra | |
| 650 | 0 | _xTrigonometry | |
| 700 | 1 | _aHornsby, John, | |
| 700 | 1 | _aSchneider, David I. | |
| 942 |
_2lcc _cGEN |
||
| 999 |
_c7644 _d7644 |
||